01062nam a2200241Ia 450000100060000000300090000600800410001504000130005604000130006904100130008210000280009510000290012324500670015224500670021925000110028626000110029726000230030826000490033130000550038050003200043565000340075565000310078988863IT-RoPAU130308s9999 xx 000 0 und d aIT-RoPAU cIT-RoPAU aSPAGNOLO aLamera Atanasio Stefano gCodice Aut. SPICS: 4908 aBeato Timoteo Giaccardo (El)-Apostol de la comunicacion social bBeato Timoteo Giaccardo (El)-Apostol de la comunicacion Social a1a ed. aMADRID bEdiciones Paulinas c1989 [1° Ed.:1989 - Ed.Ling.Originale:1989] a"56 p. (prefazione: no ; testo: 56 [pagine: 0-0])" aBeato Timoteo Giaccardo Apostolo della Comunicazione Sociale suo incontro con Giacomo Alberione Potere della vocazione Primo sacerdote della Società San Paolo Inviato a Roma Come fondatore della Nuova Casa Spirito e Cuore della Famiglia Paolina Dalla Morte la Vita Fulgida Gloria di padre Alberionedati Biografici aAUTORI/OPERE FAMIGLIA PAOLINA eCodice materia Spics: 9903